01122nam a2200265 a 450000100060000000300080000600500170001400800390003103500190007003500210008904000280011004100080013808200180014610000400016424500510020426000750025530000390033050000650036983000280043485600920046294200120055499900170056695201410058395201320072422249BD-RJUL20211209000802.0140306s19511932enk 000 1 eng a(BD-RJUL)22314 a(OCoLC)863474484 aDLCcOUNdSERdm.cbeng aeng a823bFIL 19511 aFielding, Henry,d1707-1754.96867314aThe life of Jonathan Wild /cby Henry Fielding aLondon :bH. Milford, Oxford university press,cC1932[reprinting 1951] a3 p. l., [3] -289, [1] p. ;c16 cm aWith reproduction of the t.-p. of the original edition, 1743 0aWorld's classics970464413Bodleian Library 256 f.2752uhttp://purl.ox.ac.uk/uuid/edb6115593494874966ac15743714918 2ddccBK c22249d22249 00102ddc40728FICaRUCLbRUCLcReadingd1955-01-22eM.B.P. daccag3.20l0o823 FIL V-3 1951r2014-03-06 00:00:00tC-1w2014-03-06yBK 00102ddc40708FICaRUCLbRUCLcStackd1954-10-25eO.U.Pg2.13l0o823 FIL V-3 1951r2014-03-09 00:00:00tC-2w2021-12-09yBK